Quien bien te quiera... (Record no. 167128)
[ view plain ]
| 000 -LEADER | |
|---|---|
| campo de control de longitud fija | 00767nam a22001695i 4500 |
| 001 - NÚMERO DE CONTROL | |
| campo de control | 167128 |
| 003 - IDENTIFICADOR DE NÚMERO DE CONTROL | |
| campo de control | ES-MaACL |
| 005 - FECHA Y HORA DE LA ÚLTIMA TRANSACCIÓN | |
| campo de control | 20230906213451.0 |
| 008 - DATOS DE LONGITUD FIJA--INFORMACIÓN GENERAL | |
| campo de control de longitud fija | 020212s1872 sp |||| | spa d |
| 040 ## - FUENTE DE CATALOGACIÓN | |
| Centro catalogador/agencia de origen | CAM |
| Lengua de catalogación | spa |
| Centro/agencia transcriptor | CAM |
| 100 1# - ENTRADA PRINCIPAL--NOMBRE DE PERSONA | |
| Nombre de persona | Vegramunte, Cecilio. |
| 9 (RLIN) | 133586 |
| 245 10 - MENCIÓN DEL TÍTULO | |
| Título | Quien bien te quiera... |
| Resto del título | : proverbio en tres actos, y en prosa / |
| Mención de responsabilidad, etc. | original de Cecilio Vegramunte. |
| 260 ## - PUBLICACIÓN, DISTRIBUCIÓN, ETC. | |
| Lugar de publicación, distribución, etc. | Madrid : |
| Nombre del editor, distribuidor, etc. | [s.n.], |
| Fecha de publicación, distribución, etc. | 1872 ( |
| Fabricante | Imprenta de José M. Ducazcal) |
| 300 ## - DESCRIPCIÓN FÍSICA | |
| Extensión | 87 p. ; |
| Dimensiones | 19 cm. |
| 500 #1 - NOTA GENERAL | |
| Nota general | En port.: Estrenado el 18 de octubre de 1872 en el Teatro Español. |
| 852 ## - LOCALIZACIÓN | |
| Ubicación | ES-MaACL |
| Número de control de estantería | F-8561(5) |
| Nota libre | -- Enc. pasta española |
| -- | -- Ex-libris ms. de Gustavo Saenz Diez |
| -- | -- Enc. en un vol. facticio formando parte de la col. facticia "Teatro español moderno", vol. 12 |
| Estatus retirado | Estado de pérdida | Estado de daño | No para préstamo | Colección | Biblioteca de origen | Biblioteca actual | Ubicación en estantería | Fecha de adquisición | Total de préstamos | Signatura topográfica completa | Código de barras | Visto por última vez | Precio de reemplazo | Tipo de ítem Koha |
|---|---|---|---|---|---|---|---|---|---|---|---|---|---|---|
| Libros del s. XIX | Biblioteca del Ateneo de Madrid | Biblioteca del Ateneo de Madrid | Sala Pecera Planta 2 | 17/01/2008 | F-8561(5) | 1175316 | 23/02/2023 | 23/02/2023 | Libro impreso antiguo |
